| 000 | 00000nam##2200000za#4500 |
| 001 | 9.681274 |
| 003 | CaOODSP |
| 005 | 20200330070420 |
| 007 | ta |
| 008 | 150407|2000||||xxc||||| f|0| 0 fre|d |
| 020 | |a0-662-85118-8 |
| 040 | |aCaOODSP|bfre |
| 043 | |an-cn--- |
| 086 | 1 |aM22-135/2000F |
| 110 | 1 |aCanada.|bRessources naturelles Canada. |bSecrétariat du changement climatique. |
| 245 | 10|aPlan d'action 2000 du gouvernement du Canada sur le changement climatique |
| 260 | |aOttawa - Ontario : |bRessources naturelles Canada. |c2000. |
| 300 | |a16p. ; |c30 cm. + |edocuments de fonds: Le grand nord.--Sources d'énergies renouvelables et de remplacement.--Technologie. |
| 500 | |aSite web des documents de fonds: http://climatechange.nrcan.gc.ca/french/html/action_plan.html |
| 563 | |aTrousse |
| 590 | |a00-46|b2000-11-17 |
| 691 | 07|aPolitique environnementale|2gcpds |
| 691 | 07|aEffet de serre|2gcpds |
| 691 | 07|aClimat|2gcpds |
| 775 | 08|tGovernment of Canada Action Plan 2000 on Climate Change |w(CaOODSP)9.647893 |
| 776 | 0#|tPlan d'action 2000 du gouvernement du Canada sur le changement climatique |w(CaOODSP)9.642054 |